=LDR 00000nam 2200000 4500 =001 INLIS000000000034532 =005 20130612140433 =008 ***********************************Ind** =035 ##$$0010-061300000034532 =041 ##$$a Ind =082 ##$$a 610.736 =090 ##$$a 610.736, Ban k =100 ##$$a Bandiyah, Siti =245 ##$$a Keterampialn dasar praktek klinik keperanwatan dan Kebidanan, Siti Bandiyah =260 ##$$a 21 cm $b Yogyakarta =300 ##$$a 172 hlm, 21 cm =650 ##$$a Perawat Kebidanan =850 ##$$a NBPNMAT =990 ##$$a 0001/BPAP-NTB/2016